000
00316nam a2200133Ia 4500
005
20251222153643.0
008
251222s9999||||xx |||||||||||||| ||spa||
082
_a
353.795/M84
100
_a
Montoya, Modesto
245
0
_a
TecnologĂa Nuclear en el PerĂș
250
_a
1ra. ed.
264
_b
CONCYTEC
942
_c
LIB
999
_c
32825
_d
32825